| 000 | 00382cam a22001337a 4500 | ||
|---|---|---|---|
| 008 | 180718b1961 xxu||||| |||| 00| 0 eng d | ||
| 082 | _aA7x4 M984 | ||
| 100 | _aMutton, Alice F.A. | ||
| 245 |
_aCentral Europe - a regional and human geography _cby Alice F.A. Mutton |
||
| 260 |
_aLondon _bLongmans _c1961 |
||
| 300 | _a475p. | ||
| 500 | _a50/- | ||
| 650 | _aGeography - Europe, Central | ||
| 999 |
_c374747 _d374747 |
||